00923nam a22002417a 450000500170000001000150001702000260003203500130005803700130007108200150008410000160009924500960011526000390021127000580025030000230030850000190033161000300035065000530038065000740043394200290050799900170053695201280055320130823112529.0 aENG-107892 c475.00a9788171772643 aEN-91425 bDBAD/PUB a338.830954 aSingh, R.K.00aAmalgamation and merger of companies and the WTO :cby R. K. Singhban Indian perspective / aNew DelhibEastern Law Housec2013 a36, Netaji Subhash Marg, DaryaganjbNew Delhie110002 a28,364p.c22cm(Hb) aIncludes index aWorld Trade Organization. aConsolidation and merger of corporationszIndia. aConsolidation and merger of corporationsxLaw and legislationzIndia. 2ddccENmSINh338.830954 c77336d77336 001040718NFICaDBADbDBADd2013-07-09eDBAD/PUBg475.00l0o338.830954 SINpEN-91425r2013-07-09 00:00:00t1v475.00yEN